| 000 | 01283 a2200241 4500 | ||
|---|---|---|---|
| 003 | Nust | ||
| 005 | 20230227133753.0 | ||
| 010 | _a 99032022 | ||
| 020 | _a0534533973 | ||
| 040 | _cNust | ||
| 082 | 0 | 0 | _a174.962, HAR |
| 100 | 1 |
_aHarris, C. E. _995607 |
|
| 245 | 1 | 0 |
_aEngineering ethics : _bconcepts and cases / _cCharles E. Harris, Jr., Michael S. Pritchard, Michael J. Rabins ; with a new CD-Rom prepared by Donald Searing. |
| 250 | _a2nd ed. | ||
| 260 |
_aAustralia ; _aBelmont, CA : _bWadsworth, _cc2000. |
||
| 300 |
_axx, 377 p. : _bill. ; _c24 cm. + _e1 computer laser optical disc (4 3/4 in.) |
||
| 505 | _aIntroduction (Page-1), Professionalism and Code of Ethics (Page-25), On Becoming a Responsible Engineer (Page-55), Introduction to Moral Thinking (Page-95), Methods for Moral Problem Solving (Page-125), Tests in Moral Problem Solving (Page-155), Honesty, Truthfulness and Reliability (Page-187), Risk, Safety and Liability in Engineering (Page-227), Engineers as Employees (Page-265), Engineers and The Environment (Page-315), Promoting and Enforcing Ethics (Page-355). | ||
| 650 | 0 |
_aEngineering ethics _937134 |
|
| 650 | 0 |
_aEngineering ethics. _937134 |
|
| 700 | 1 |
_aPritchard, Michael S. _995609 |
|
| 700 | 1 |
_aRabins, Michael J. _d1932- _995610 |
|
| 942 |
_2ddc _cBK |
||
| 999 |
_c188499 _d188499 |
||